[Event "Czechia KP-chTA 0607"]
[Site "Czech Republic"]
[Date "2007.02.04"]
[Round "7.5"]
[White "Schmalz, Michal"]
[Black "Cervinka, Pavel"]
[Result "1-0"]
[WhiteElo "1646"]
[BlackElo "1856"]
[PlyCount "41"]
[EventDate "2006.10.29"]
[EventType "team"]
[EventRounds "11"]
[EventCountry "CZE"]
[SourceTitle "EXT 2008"]
[Source "ChessBase"]
[SourceDate "2007.11.25"]
[SourceVersion "1"]
[SourceVersionDate "2007.11.25"]
[SourceQuality "1"]
[WhiteTeam "Kladno II"]
[BlackTeam "Tisice"]
[WhiteTeamCountry "CZE"]
[BlackTeamCountry "CZE"]

1. e4 e5 2. Nc3 Nc6 3. Bc4 Nf6 4. d3 d6 5. Nge2 Be7 6. 0-0 Bg4 7. f3 Bh5 8. Ng3 Nd4 9. Nxh5 Nxh5 10. f4 Nf6 11. Be3 c6 12. fxe5 dxe5 13. Ne2 0-0 14. Nxd4 exd4 15. Bf4 b5 16. Bb3 Nd7 17. Qg4 Bf6 18. Rf3 a5 19. a4 g6 20. Raf1 h5 21. Qxg6+ 1-0

[Event "CZE-chT3A Middle 0506  "]
[Site "Czech Republic"]
[Date "2005.11.13"]
[Round "2.8"]
[White "Cervinka, Pavel"]
[Black "Bauer, Jindrich"]
[Result "1-0"]
[WhiteElo "1821"]
[BlackElo "1762"]
[PlyCount "129"]
[EventDate "2005.10.30"]
[EventType "team"]
[EventRounds "11"]
[EventCountry "CZE"]
[SourceTitle "EXT 2009"]
[Source "ChessBase"]
[SourceDate "2008.11.26"]
[SourceVersion "1"]
[SourceVersionDate "2008.11.26"]
[SourceQuality "1"]

1. d4 Nf6 2. c4 g6 3. Nc3 d5 4. Nf3 Bg7 5. g3 c6 6. Bg2 Bg4 7. 0-0 Nbd7 8. h3 Bxf3 9. Bxf3 dxc4 10. e4 e5 11. d5 Qc7 12. Qa4 Nb6 13. Qc2 0-0 14. Be3 Rfd8 15. dxc6 bxc6 16. Na4 Rd7 17. Nxb6 axb6 18. Qxc4 Rad8 19. b4 Rd6 20. Qa6 Nd7 21. Bg4 c5 22. Rac1 Nb8 23. Qb5 h5 24. bxc5 bxc5 25. Rxc5 Rb6 26. Qa4 Rc6 27. Rfc1 hxg4 28. Rxc6 Nxc6 29. Rxc6 Qd7 30. Ra6 Qc8 31. Bg5 gxh3 32. Kh2 Rd4 33. Qb5 Qg4 34. Qe8+ Kh7 35. Be3 Rd1 36. Qxf7 Qxe4 37. f3 Qc2+ 38. Kxh3 Qc8+ 39. Re6 Rd6 40. Qxg6+ Kg8 41. Qe8+ Qxe8 42. Rxe8+ Kf7 43. Rb8 Ra6 44. Rb7+ Kg8 45. Ra7 Rc6 46. Bg5 Rc3 47. Kg4 Rc4+ 48. f4 exf4 49. gxf4 Bd4 50. Ra8+ Kf7 51. a4 Bc3 52. Ra7+ Ke8 53. Kf5 Bd4 54. Ra6 Kf7 55. Ke4 Ba1+ 56. Kd5 Rc7 57. f5 Bb2 58. Kd6 Rc8 59. Ra7+ Ke8 60. f6 Ba3+ 61. Ke6 Rc6+ 62. Kf5 Bc5 63. Rb7 Ra6 64. Kg6 Rxa4 65. f7+ 1-0

[Event "CZE-ch U18"]
[Site "Czech Republic"]
[Date "2001.??.??"]
[Round "?"]
[White "Cervinka, Pavel"]
[Black "Husarik, Branko"]
[Result "0-1"]
[WhiteElo "1840"]
[BlackElo "1820"]
[PlyCount "121"]
[EventDate "2001.??.??"]
[EventType "swiss"]
[EventRounds "9"]
[EventCountry "CZE"]
[SourceTitle "EXT 2003"]
[Source "ChessBase"]
[SourceDate "2002.11.25"]
[SourceVersion "1"]
[SourceVersionDate "2002.11.25"]
[SourceQuality "1"]

1. e4 d5 2. exd5 Qxd5 3. Nc3 Qa5 4. Nf3 Nf6 5. Bc4 Bg4 6. d3 c6 7. Bd2 Qc7 8. Qe2 e6 9. 0-0-0 Bd6 10. Ne4 Be7 11. Bc3 Nbd7 12. h3 Bh5 13. Kb1 h6 14. Rhe1 0-0-0 15. Ka1 Rhg8 16. b4 Nd5 17. Qd2 Nxc3 18. Qxc3 Nf6 19. Qd2 Bg6 20. Nc5 a5 21. Nxe6 fxe6 22. Bxe6+ Nd7 23. Bxg8 Bf6+ 24. Kb1 Rxg8 25. bxa5 b6 26. Qb4 bxa5 27. Qb3 Rd8 28. d4 Nb6 29. Ne5 Rd5 30. a4 Bh7 31. f4 Bg8 32. c4 Rd8 33. Qc2 Kb7 34. c5 Nd5 35. Qc1 Ka7 36. Re2 Nb4 37. Rb2 Bd5 38. Ka1 g5 39. g3 Qb7 40. Qe3 Qh7 41. Rdd2 Be4 42. Qf2 gxf4 43. gxf4 Qf5 44. Rb3 Rg8 45. Rc3 Bd5 46. Ng4 Bd8 47. Nxh6 Qe4 48. Nxg8 Qh1+ 49. Kb2 Bxg8 50. Qg2 Qe1 51. Qf2 Qe6 52. Ra3 Bf6 53. Qe3 Qf5 54. Kc1 Bf7 55. Qf2 Bg6 56. Kd1 Bh5+ 57. Kc1 Bg6 58. Kd1 Qb1+ 59. Ke2 Bh5+ 60. Rf3 Qe4+ 61. Qe3 0-1